Trestné právo procesné všeobecná a osobitná časť

Guardado en:
Detalles Bibliográficos
Autor principal: Čentéš, Jozef
Formato: Libro
Lenguaje:eslovaco
Publicado: Šamorín HEURÉKA 2012
Edición:2. vyd.
Materias:
Etiquetas: Agregar Etiqueta
Sin Etiquetas, Sea el primero en etiquetar este registro!

MARC

LEADER 00000nam a2200000 4500
001 0172057
005 20221207093904.5
020 |a 978-80-89122-76-9 
041 0 |a slo 
044 |a SK 
245 1 0 |a Trestné právo procesné  |b všeobecná a osobitná časť  |c Jozef Čentéš a kolektív 
250 |a 2. vyd. 
264 1 |a Šamorín  |b HEURÉKA  |c 2012 
300 |a 864 s. 
610 2 0 |a právo trestné 
610 2 0 |a súdy 
610 2 0 |a konanie súdne občianske 
100 1 |a Čentéš, Jozef